Sports Quiz

Random Sports or NFL Quiz

Letter 'A' Hall of Famers Quiz Stats

 Plays Quiz Updated Jan 1, 2018

Score 0/26 Timer 03:00
4 Plays Today
Question Answer Wrong Answers
Kareem Abdul-Jabbar NBA
90.1%
MLB
1.8%
NFL
1.3%
NHL
0.5%
Hank Aaron MLB
88%
NFL
2.7%
NBA
1.3%
NHL
1.6%
Troy Aikman NFL
87.2%
MLB
3.1%
NBA
1.5%
NHL
1.6%
Roberto Alomar MLB
85.8%
NFL
2.8%
NBA
2%
NHL
2.5%
Marcus Allen NFL
82.1%
MLB
3.3%
NBA
5.8%
NHL
1.7%
Luis Aparicio MLB
79.2%
NFL
3.8%
NBA
3.1%
NHL
6.1%
Nate Archibald NBA
78.5%
MLB
5.1%
NFL
5.9%
NHL
3.5%
Sparky Anderson MLB
78.1%
NFL
5.6%
NBA
4.9%
NHL
4%
Morten Andersen NFL
75.9%
MLB
5.9%
NBA
3.9%
NHL
6.8%
Grover Cleveland Alexander MLB
75.6%
NFL
7.1%
NBA
5.6%
NHL
4%
Cap Anson MLB
69.5%
NFL
5.6%
NBA
3.6%
NHL
13.3%
George Allen NFL
69.2%
MLB
7.9%
NBA
9.7%
NHL
5.4%
Larry Allen NFL
66.9%
MLB
5.2%
NBA
16.2%
NHL
4.5%
Lance Alworth NFL
66%
MLB
7.8%
NBA
8.8%
NHL
9.4%
Richie Ashburn MLB
62.9%
NFL
9.5%
NBA
8%
NHL
11.7%
Syl Apps NHL
62.7%
MLB
13.8%
NFL
6.9%
NBA
8.2%
Luke Appling MLB
62.4%
NFL
7.6%
NBA
9%
NHL
13%
Sid Abel NHL
54.1%
MLB
15.3%
NFL
11%
NBA
11.2%
Jack Adams NHL
53.6%
MLB
10.6%
NFL
18.8%
NBA
8.6%
Walter Alston MLB
53.4%
NFL
15.8%
NBA
11.2%
NHL
11.4%
Glenn Anderson NHL
48.5%
MLB
9.6%
NFL
20.8%
NBA
13%
Paul Arizin NBA
45.3%
MLB
9.3%
NFL
11.7%
NHL
25.7%
Doug Atkins NFL
44.8%
MLB
9%
NBA
14.2%
NHL
23.9%
Herb Adderley NFL
40.3%
MLB
17.3%
NBA
13.4%
NHL
20.5%
Earl Averill MLB
38.3%
NFL
19.4%
NBA
15.4%
NHL
18.7%
Chief Armstrong NHL
32.7%
MLB
16.5%
NFL
32.6%
NBA
10%

You're not logged in!

Compare scores with friends on all Sporcle quizzes.
OR
Log In

Show Comments

Extras

Top Quizzes Today


Score Distribution

Your Account Isn't Verified!

In order to create a playlist on Sporcle, you need to verify the email address you used during registration. Go to your Sporcle Settings to finish the process.

Report this User

Report this user for behavior that violates our Community Guidelines.

Details: